The Effective Executive

Na minha lista:
Detalhes bibliográficos
Autor principal: Drucker, Peter F.
Formato: Livro
Idioma:inglês
Publicado em: New York Harper Business 1993
Edição:1. ed.
Assuntos:
Tags: Adicionar Tag
Sem tags, seja o primeiro a adicionar uma tag!

MARC

LEADER 00000nam a2200000 4500
001 c014272
005 20221214083803.1
020 |a 0-88730-612-8 
041 0 |a eng 
044 |a US 
245 1 0 |a The Effective Executive  |c Peter F. Drucker 
250 |a 1. ed. 
264 1 |a New York  |b Harper Business  |c 1993 
300 |a 178 s. 
610 2 0 |a psychológia riadenia 
610 2 0 |a efektívnosť 
610 2 0 |a efektívnosť práce 
610 2 0 |a vedenie 
610 2 0 |a rozhodovanie 
610 2 0 |a rozhodovanie manažérske 
100 1 |a Drucker, Peter F.